Financial Management for Public Health and Not-for Profit Organisation (Record no. 2076)

MARC details
000 -LEADER
fixed length control field 00403nam a22001457a 4500
008 - FIXED-LENGTH DATA ELEMENTS--GENERAL INFORMATION
fixed length control field 250304b |||||||| |||| 00| 0 eng d
020 ## - INTERNATIONAL STANDARD BOOK NUMBER
ISBN 9781544371825
100 ## - MAIN ENTRY--AUTHOR
Author Finkler Steven A
245 ## - TITLE STATEMENT
Title Financial Management for Public Health and Not-for Profit Organisation
250 ## - EDITION STATEMENT
Edition statement 6th
260 ## - PUBLICATION, DISTRIBUTION, ETC. (IMPRINT)
Place of publication California
Name of publisher Sage Publication Inc
Date of publication 2020
300 ## - COLLATION
Pagination xx,608p
942 ## - ADDED ENTRY ELEMENTS (KOHA)
Item type Books
050 ## - LIBRARY OF CONGRESS CALL NUMBER
Classification number HJ257.3
Item number F56
Holdings
Source of classification or shelving scheme Not for loan Permanent location Current location Date acquired Accession No. Full call number Barcode. Koha item type
Library of Congress Classification   Samuel Ogbemudia Main Library, University of Abuja Samuel Ogbemudia Main Library, University of Abuja 03/04/2025 2024/63523-32 HJ257.3.56 2025-0249 Books